Uncommon Fruits : Blox Fruits - Statistics

General Stats
  • This quiz has been taken 138 times
    12 since last reset
  • The average score is 5 of 6
Answer Stats
Hint Answer % Correct
250k Flame
100%
550k Falcon/Eagle
88%
350k Ice
88%
500k Dark
75%
420k Sand
63%
600k Diamond
50%
No matching quizzes found
Score Distribution
Percent of People with Each Score
Percentile by Number Answered
Your Score History
You have not taken this quiz since the last reset